| 000 | 00746nam a22001577a 4500 | ||
|---|---|---|---|
| 005 | 20250821114509.0 | ||
| 008 | 250821b |||||||| |||| 00| 0 eng d | ||
| 050 |
_aTHE LB 1629 .K4 C44 2020 _bC.1 |
||
| 100 | _aChemutai, Irene | ||
| 245 | _aInfluence of School-Based Factors on Students' Performance in Kiswahili in Public Mixed Day Secondary Schools in Nyamira North Sub-County, Kenya | ||
| 260 |
_aKisii _bKisii University _c2020 |
||
| 300 | _axvi, 110p.:ill. | ||
| 500 | _aIncludes bibliographical references | ||
| 650 | _a1. Academic achievement—Kenya—Nyamira North Sub-County. 2. Kiswahili language—Study and teaching (Secondary)—Kenya. 3. High school students—Kenya—Performance. 4. Mixed schools—Kenya. | ||
| 942 |
_2lcc _cREF |
||
| 999 |
_c216047 _d216047 |
||